00569nam a2200169Ia 4500008004100000041000800041082001400049100003000063245009900093250000800192260004700200300000700247650002700254942000700281952009600288999001500384230711s9999||||xx |||||||||||||| ||und|| aENG a621bBU-I aBureau of Indian Standard 0aSI : 5002 1969bMethod for determination of sample size festimate the average quality of a lot a1st c1969aNew DelhibBureau of Indian Standard a20 aElectrical Engineering cBK 001040708RaMCLbMCLd0000-00-00l0o621 BU-Ip8753r2023-08-17 14:41:58w2023-08-17yBK c8260d8260